Исследование эффективности оптимальной передачи сигнала; Известия Томского политехнического университета [Известия ТПУ]; Т. 322, № 5 : Управление, вычислительная техника и информатика

Xehetasun bibliografikoak
Parent link:Известия Томского политехнического университета [Известия ТПУ]/ Томский политехнический университет (ТПУ).— , 2000-
Т. 322, № 5 : Управление, вычислительная техника и информатика.— 2013.— [С. 5-8]
Egile nagusia: Рожкова С. В. Светлана Владимировна
Gaia:Заглавие с титульного листа
Электронная версия печатной публикации
Рассматривается задача исследования эффективности оптимальной передачи стохастических процессов по непрерывно-дискретным каналам с памятью и запаздыванием.
Hizkuntza:errusiera
Argitaratua: 2013
Saila:Прикладная математика
Gaiak:
Sarrera elektronikoa:http://earchive.tpu.ru/bitstream/11683/4789/1/bulletin_tpu-2013-322-5-01.pdf
Formatua: Baliabide elektronikoa Liburu kapitulua
KOHA link:https://koha.lib.tpu.ru/cgi-bin/koha/opac-detail.pl?biblionumber=240374

MARC

LEADER 00000nla2a2200000 4500
001 240374
005 20231226103735.0
035 |a (RuTPU)RU\TPU\book\261628 
035 |a RU\TPU\book\260644 
090 |a 240374 
100 |a 20130620d2013 k y0rusy50 ca 
101 0 |a rus 
102 |a RU 
135 |a drnn ---uucaa 
181 0 |a i  
182 0 |a b 
200 1 |a Исследование эффективности оптимальной передачи сигнала  |f С. В. Рожкова 
203 |a Текст  |c электронный 
215 |a 1 файл (147 Кб) 
225 1 |a Прикладная математика 
300 |a Заглавие с титульного листа 
300 |a Электронная версия печатной публикации 
320 |a [Библиогр.: с. 8 (5 назв.)] 
330 |a Рассматривается задача исследования эффективности оптимальной передачи стохастических процессов по непрерывно-дискретным каналам с памятью и запаздыванием. 
337 |a Adobe Reader 
461 1 |0 (RuTPU)RU\TPU\book\176237  |t Известия Томского политехнического университета [Известия ТПУ]  |f Томский политехнический университет (ТПУ)  |d 2000- 
463 1 |0 (RuTPU)RU\TPU\book\261554  |x 1684-8519  |t Т. 322, № 5 : Управление, вычислительная техника и информатика  |v [С. 5-8]  |d 2013  |p 227 с. 
610 1 |a сигналы 
610 1 |a стохастические системы 
610 1 |a каналы передачи 
610 1 |a память 
610 1 |a запаздывание 
610 1 |a труды учёных ТПУ 
610 1 |a электронный ресурс 
700 1 |a Рожкова  |b С. В.  |c математик  |c профессор Томского политехнического университета, доктор физико-математических наук  |f 1971-  |g Светлана Владимировна  |3 (RuTPU)RU\TPU\pers\25740  |9 11642 
801 1 |a RU  |b 63413507  |c 20090623  |g PSBO 
801 2 |a RU  |b 63413507  |c 20220204  |g PSBO 
856 4 |u http://earchive.tpu.ru/bitstream/11683/4789/1/bulletin_tpu-2013-322-5-01.pdf 
942 |c CF